00954nam a2200229 a 4500001001000000003000500010005001700015008004100032010001100073011001100084040000900095100004200104245022800146260004100374500006000415502006900475650003200544650003000576650002400606650002400630856007000654000110985CHAP20220329144153.0141104s2014 mx a |sm |||||||spa d a107447 a108419 cCHAP1 aCortés Hernández, Jesús Eduardo10aSusceptibilidad de maices híbridos y criollos a la inoculación artificial de huitlacoche [Ustilago maydis (D.C.) Cda.], en el valle agrícola de Rioverde, S.L.P.h[En línea]cpor Jesús Eduardo Cortés Hernández. aChapingo, Méx. :bEl autor,c2014. aPara ver el contenido del material haga clic en la liga aTesis (Ing. Agr. Esp. en Suelos) -- UACH. Departamento de Suelos14aCuitlacochexInoculación.14aCuitlacochexRendimiento.14aMaízxHíbridos.14aMaízxVariedades. aFinding aiduhttp://10.13.5.2/tesis/sist110985.pdfzTeclea aquí